000
00285nam a22001337a 4500
020
_a
978-8180142253
041
_a
ENG
100
_a
Jain S.C
245
_a
Farm Teactor Maintenance And Repair
260
_a
Delhi
_b
Tandard PUB
_c
1998
300
_a
272
650
_a
FMP
856
_u
FMP
999
_c
501
_d
501